000 00519nam a22001697a 4500
005 20251208123006.0
008 251208b |||||||| |||| 00| 0 eng d
040 _aMAIN
082 _a355.02184
_bL957K
100 _aLoyer, Varun Kumar
245 _aKashmir mein vilavkari aur prati viplavakari gatividhiyon evam rashtriya suraksha par isake prabhav
260 _bDepartment of Defence Studies, M D University, Rohtak
_c2025
300 _a293
650 _aDefence Studies
700 _aSiwach, R S
942 _cTH
999 _c394581
_d394581